000 00521nam a22001817a 4500
003 Ost
005 20140310183634.0
008 131125b xxu||||| |||| 00| 0 eng d
020 _a9789712356247
050 _aKPM 865
_b.D4 2012
100 _aDe Leon, Hector S.
245 _aThe law on sales, agency, and credit transactions /
_cHector S. De Leon
260 _aQuezon City, Philippines
_bREX Printing Company, Inc.
_c2010.
300 _a494 p. :
_b22 cm.
521 _aBSA
546 _aC12707
942 _2lcc
_cBK
_kLOC
999 _c25684
_d25684